000 00230nam a22000857a 4500
008 160824b xxu||||| |||| 00| 0 eng d
100 _9240
_aBhat R.L
245 _aABC of Social Science
260 _aNew Delhi
_bHoly Faith publication
_c2008
999 _c2895
_d2895